Zmeny slovenského tovarového trhu v dôsledku procesov transformácie a harmonizácie
Stručný vývoj slovenského hospodárstva v posledných 20 rokoch. Faktory pôsobiace na trh produktov v SR a ich prejavy. Analýza vývoja slovenského trhu prostredníctvom analýzy PEST. Súčasný stav spotrebného trhu.
Guardado en:
| Autor principal: | |
|---|---|
| Formato: | Capítulo de libro |
| Lenguaje: | eslovaco |
| Materias: | |
| Etiquetas: |
Sin Etiquetas, Sea el primero en etiquetar este registro!
|
MARC
| LEADER | 00000naa$a2200000$$$4500 | ||
|---|---|---|---|
| 001 | 0088411 | ||
| 005 | 20240502072006.1 | ||
| 041 | 0 | |a slo | |
| 044 | |a SK | ||
| 245 | 1 | 0 | |a Zmeny slovenského tovarového trhu v dôsledku procesov transformácie a harmonizácie |c Rastislav Strhan |
| 520 | |a Stručný vývoj slovenského hospodárstva v posledných 20 rokoch. Faktory pôsobiace na trh produktov v SR a ich prejavy. Analýza vývoja slovenského trhu prostredníctvom analýzy PEST. Súčasný stav spotrebného trhu. | ||
| 610 | 2 | 0 | |a trh tovarový |
| 610 | 2 | 0 | |a Slovensko |
| 610 | 2 | 0 | |a transformácia |
| 610 | 2 | 0 | |a harmonizácia |
| 610 | 2 | 0 | |a liberalizácia |
| 610 | 2 | 0 | |a reformy hospodárske |
| 100 | 1 | |a Strhan, Rastislav, 1968- | |